| 000 | 00755nam a2200229 a 4500 | ||
|---|---|---|---|
| 999 |
_c11208 _d11208 |
||
| 001 | 11208 | ||
| 003 | BD-JhCC | ||
| 005 | 20220822134023.0 | ||
| 008 | 190606b 2017bg |||| ||a| 000 0 ben d | ||
| 020 | _a9847009603688 | ||
| 035 | _a(BD-JhCC)11208 | ||
| 040 |
_aBD-JhCC _dBD-JhCC |
||
| 041 | _aben | ||
| 082 |
_a891.443 _bAHM 2017 |
||
| 100 | _aআহমেদ, হুমায়ূন | ||
| 245 |
_aসেরা পাঁচ মুক্তিযুদ্ধের উপন্যাস / _cহুমায়ূন আহমেদ । |
||
| 260 |
_aঢাকা: _bতাম্রলিপি; _c২০১৭. |
||
| 300 |
_a৮০৭ পৃ. : _c২২ সেমি. |
||
| 650 | _abengali Novel | ||
| 942 |
_2ddc _cBK _03 |
||